000
00292nam a2200121Ia 4500
005
20251222143306.0
008
251222s9999||||xx |||||||||||||| ||spa||
020
_a
9972-847-00-4
082
_a
869.569.1/V32F
100
_a
"Vargas Llosa, Mario"
245
0
_a
La fiesta del chivo
942
_c
LIB
999
_c
15520
_d
15520